[Event "Munich op 23rd"]
[Site "Munich"]
[Date "2003.10.02"]
[Round "6"]
[White "Kapkowicz, Robert"]
[Black "Maier, Alexander"]
[Result "1/2-1/2"]
[WhiteElo "2102"]
[BlackElo "2338"]
[PlyCount "56"]
[EventDate "2003.09.27"]
[EventType "swiss"]
[EventRounds "9"]
[EventCountry "GER"]
[SourceTitle "EXT 2004"]
[Source "ChessBase"]
[SourceDate "2003.11.25"]
[SourceVersion "1"]
[SourceVersionDate "2003.11.25"]
[SourceQuality "1"]

1. Nf3 g6 2. d4 Bg7 3. c4 d6 4. Nc3 Nd7 5. e4 e5 6. g3 Ngf6 7. Bg2 0-0 8. 0-0 c6 9. h3 Qa5 10. d5 cxd5 11. cxd5 b5 12. Re1 b4 13. Na4 Nb6 14. Nxb6 Qxb6 15. Be3 Qd8 16. Nd2 Ne8 17. a3 b3 18. Qxb3 f5 19. f4 g5 20. fxe5 f4 21. gxf4 gxf4 22. Bf2 Bxe5 23. Nf3 Qf6 24. Nxe5 dxe5 25. Qf3 Qh8 26. Kh2 Bd7 27. Rac1 a5 28. Rc3 Rb8 1/2-1/2

[Event "Regionalliga SW 0203"]
[Site "Bayern"]
[Date "2003.02.23"]
[Round "7.2"]
[White "Bachmayr, Peter"]
[Black "Kapkowicz, Robert"]
[Result "1/2-1/2"]
[WhiteElo "2314"]
[BlackElo "2035"]
[PlyCount "52"]
[EventDate "2002.10.20"]
[EventType "team-tourn"]
[EventRounds "9"]
[EventCountry "GER"]
[SourceTitle "EXT 2004"]
[Source "ChessBase"]
[SourceDate "2003.11.25"]
[SourceVersion "1"]
[SourceVersionDate "2003.11.25"]
[SourceQuality "1"]
[WhiteTeam "Muenchen 36"]
[BlackTeam "Muenchen RTA"]
[WhiteTeamCountry "GER"]
[BlackTeamCountry "GER"]

1. d4 d5 2. Nf3 Nf6 3. c4 c6 4. Nc3 e6 5. Bg5 dxc4 6. e4 b5 7. e5 h6 8. Bh4 g5 9. Nxg5 hxg5 10. Bxg5 Nbd7 11. exf6 Bb7 12. g3 c5 13. d5 Qb6 14. Bg2 0-0-0 15. 0-0 b4 16. Rb1 Qa6 17. dxe6 Bxg2 18. e7 Bxf1 19. Kxf1 Qc6 20. Nd5 Re8 21. exf8Q Nxf8 22. Ne7+ Rxe7 23. fxe7 Qh1+ 24. Ke2 Qe4+ 25. Kf1 Qh1+ 26. Ke2 Qe4+ 1/2-1/2

[Event "Regionalliga SW 0203"]
[Site "Bayern"]
[Date "2003.02.09"]
[Round "6.2"]
[White "Kapkowicz, Robert"]
[Black "Bischof, Wolfgang"]
[Result "1-0"]
[WhiteElo "2035"]
[BlackElo "2013"]
[PlyCount "53"]
[EventDate "2002.10.20"]
[EventType "team-tourn"]
[EventRounds "9"]
[EventCountry "GER"]
[SourceTitle "EXT 2004"]
[Source "ChessBase"]
[SourceDate "2003.11.25"]
[SourceVersion "1"]
[SourceVersionDate "2003.11.25"]
[SourceQuality "1"]
[WhiteTeam "Muenchen RTA"]
[BlackTeam "Bobingen"]
[WhiteTeamCountry "GER"]
[BlackTeamCountry "GER"]

1. e4 e5 2. Nf3 Nf6 3. d3 Nc6 4. g3 h6 5. Bg2 Bc5 6. c3 d6 7. 0-0 Bg4 8. h3 Bh5 9. Nbd2 d5 10. Qa4 0-0 11. Qb5 Bb6 12. exd5 a6 13. Qb3 Na5 14. Qa4 Qxd5 15. d4 exd4 16. Nxd4 Qd6 17. N2f3 c5 18. Nf5 Qd3 19. g4 Bg6 20. Ne5 Qb5 21. Qf4 Bxf5 22. Qxf5 Bc7 23. Bxh6 Bxe5 24. Qxe5 Rfe8 25. Qg5 Kf8 26. Bxg7+ Ke7 27. Rad1 1-0

[Event "Munich-ch MK"]
[Site "Munich"]
[Date "2003.01.19"]
[Round "3"]
[White "Schelle, Artur"]
[Black "Kapkowicz, Robert"]
[Result "1/2-1/2"]
[WhiteElo "2209"]
[BlackElo "2067"]
[PlyCount "120"]
[EventDate "2003.01.17"]
[EventType "tourn"]
[EventRounds "9"]
[EventCountry "GER"]
[SourceTitle "EXT 2006"]
[Source "ChessBase"]
[SourceDate "2005.11.24"]
[SourceVersion "1"]
[SourceVersionDate "2005.11.24"]
[SourceQuality "1"]

1. e4 c5 2. c3 Nf6 3. e5 Nd5 4. Bc4 e6 5. Nf3 d6 6. exd6 Qxd6 7. 0-0 Be7 8. d4 cxd4 9. cxd4 0-0 10. Nbd2 Nf6 11. Bb3 b6 12. Nc4 Qd8 13. a3 Bb7 14. Re1 Bd5 15. Nfe5 Nc6 16. Be3 Rc8 17. Rc1 Qc7 18. Na5 Bxb3 19. Qxb3 Nxa5 20. Rxc7 Nxb3 21. Rxe7 a5 22. Kf1 Nd5 23. Rb7 Rb8 24. Rd7 Rbd8 25. Ke2 Rxd7 26. Nxd7 Rc8 27. Ne5 Rc2+ 28. Kd3 Rxb2 29. Re2 Rxe2 30. Kxe2 a4 31. Kd3 b5 32. Kc2 f6 33. Nc6 Kf7 34. Na7 b4 35. axb4 Nxb4+ 36. Kb2 Nd5 37. Ka3 Nxe3 38. fxe3 Nd2 39. Kxa4 Nf1 40. e4 Nd2 41. Kb4 Nxe4 42. Kc4 Nd6+ 43. Kd3 Ke7 44. Nc6+ Kd7 45. Nb4 Nf7 46. Ke3 Kd6 47. Nd3 g5 48. Nf2 h5 49. g3 Nh6 50. Ne4+ Ke7 51. h3 Nf5+ 52. Kd3 h4 53. gxh4 Nxh4 54. Ke3 Ng6 55. Kf3 Nh8 56. Ng3 Nf7 57. Kg4 Nh6+ 58. Kf3 Nf5 59. Ne2 Kd6 60. Ke4 Ne7 1/2-1/2